Cities of Columbia County Oregon - Statistics

General Stats
  • This quiz has been taken 6 times
  • The average score is 5 of 7
Answer Stats
Population City % Correct
12,883 St. Helens
100%
1,737 Clatskanie
80%
6,592 Scapoose
80%
1,946 Columbia City
60%
68 Prescott
60%
1,895 Rainier
60%
2,151 Vernonia
60%
No matching quizzes found
Score Distribution
Percent of People with Each Score
Percentile by Number Answered
Your Score History
You have not taken this quiz